Vojenské nákladní automobily československé branné moci 1918-1939 /

Hlavní autor: Fuksa, Ivan, 1988-
Jazyk: Čeština
Vydáno: Nevojice : Jakab Publishing, 2024
Edice: Armáda
Témata:
Fyzický popis: 66 stran : ilustrace ; 30 cm
Knihy
Uloženo v:
LEADER 01918nam a2200529 i 4500
001 nkc20243663048
003 CZ PrNK
005 20250128135802.0
007 ta
008 241223s2024 xr a e f 000 0 cze
015 |a cnb003663048 
020 |a 978-80-7648-108-4  |q (brožováno) :  |c Kč 239,00 
035 |a (OCoLC)1498300323 
040 |a BOA001  |b cze  |e rda 
043 |a e-cs--- 
045 |a x1x3 
072 7 |a 623  |x Vojenská technika  |2 Konspekt  |9 19 
080 |a 623.437.44  |2 MRF 
080 |a (437)  |2 MRF 
080 |a (036)  |2 MRF 
080 |a (084.12)  |2 MRF 
100 1 |a Fuksa, Ivan,  |d 1988-  |7 pna2017938225  |4 aut 
245 1 0 |a Vojenské nákladní automobily československé branné moci 1918-1939 /  |c Ivan Fuksa 
264 1 |a Nevojice :  |b Jakab Publishing,  |c 2024 
300 |a 66 stran :  |b ilustrace ;  |c 30 cm 
336 |a text  |b txt  |2 rdacontent 
336 |a statický obraz  |b sti  |2 rdacontent 
337 |a bez média  |b n  |2 rdamedia 
338 |a svazek  |b nc  |2 rdacarrier 
490 1 |a Armáda,  |x 2571-3639 ;  |v 20 
500 |a Název z obálky 
504 |a Obsahuje bibliografii 
610 1 7 |a Československo.  |b Armáda  |7 kn20020514002  |2 czenas 
648 7 |a 1918-1939  |7 ch460649  |2 czenas 
650 0 7 |a vojenské nákladní automobily  |7 ph135750  |z Československo  |y 1918-1939  |2 czenas 
650 0 9 |a military trucks  |z Czechoslovakia  |y 1918-1939  |2 eczenas 
655 7 |a informační publikace  |7 fd132454  |2 czenas 
655 7 |a fotografické publikace  |7 fd132276  |2 czenas 
655 9 |a information publications  |2 eczenas 
655 9 |a photographical works  |2 eczenas 
830 0 |a Armáda  |0 s 
910 2 |a BOA001  |b 4-1538.399 
990 |a BK 
995 |a 01 
991 |b 202501  |c NOV 
996 6 |b 2610991935  |c 4-1538.399  |l MZK  |r Sklad / do 1 hodiny  |n 0  |p p.v.  |w 001990686  |u 000010  |a 1  |e BOA001  |j MZK50  |s P 
996 7 |b 2610991936  |c 4-1538.399  |l MZK  |r Sklad / do 1 hodiny  |n 1  |p p.v.  |w 001990686  |u 000020  |a 1  |e BOA001  |j MZK50  |s A